| 000 | 00689nam a2200241Ia 4500 | ||
|---|---|---|---|
| 003 | OSt | ||
| 005 | 20220924122710.0 | ||
| 006 | a|||||r|||| 00| 0 | ||
| 007 | ta | ||
| 008 | 220923b |||||||| |||| 00| 0 urd d | ||
| 020 | _c100.00 | ||
| 024 | _a323169 | ||
| 037 | _cTextual | ||
| 040 |
_aARTS _cARTS _burd |
||
| 041 |
_2urd _aurd |
||
| 082 | _aV224,1wL52, 168N6 | ||
| 100 |
_aNadvi Mohammad Iliyas Au. _9190393 |
||
| 245 | 0 | _aSeerat Sultan Tipu Shaheed | |
| 260 |
_aLucknow _bMajlis tehqeeqat-o-nashriyat India _c1996 |
||
| 650 |
_aBIOGRAPHY _92340 |
||
| 942 |
_hV224,1wL52, 168N6 _cTEXL _2CC |
||
| 999 |
_c412707 _d412707 |
||